100 Most Popular Pub Names in the UK - Statistics

General Stats
  • This quiz has been taken 19,520 times
  • The average score is 16 of 100
Answer Stats
Rank Answer % Correct
1 Red Lion
63%
62 Queens
55%
13 Kings Head
43%
79 Lion
41%
2 Crown
39%
43 Fox
37%
11 Kings Arms
36%
17 Queens Head
36%
45 Royal
35%
32 Bull
32%
12 George
32%
6 Swan
32%
25 White Lion
32%
8 White Horse
31%
19 Black Horse
30%
18 Victoria
28%
10 Ship
26%
4 White Hart
25%
67 Queens Arms
24%
3 Royal Oak
24%
15 Bell
22%
23 Anchor
21%
24 Prince of Wales
21%
66 Black Lion
20%
20 Castle
20%
89 Eagle
20%
14 Rose and Crown
20%
7 Plough
19%
5 Railway
19%
21 Star
19%
40 White Swan
19%
38 Black Bull
18%
59 Black Swan
18%
54 Cock
18%
9 New
18%
95 Stag
18%
98 Duke of Wellington
17%
30 Fox and Hounds
17%
42 Golden Lion
17%
35 Sun
17%
57 Wellington
17%
46 Nags Head
16%
28 Coach and Horses
15%
51 Lamb
15%
27 Station
15%
22 Cross Keys
14%
83 Duke of York
14%
37 Bridge
13%
56 Green Man
13%
78 Lord Nelson
13%
96 Unicorn
13%
16 Wheatsheaf
13%
33 George and Dragon
12%
87 Green Dragon
12%
26 Greyhound
12%
36 Hare and Hounds
12%
39 Bulls Head
10%
60 Cricketers
10%
29 Rising Sun
10%
34 Angel
9%
61 Farmers Arms
9%
52 Blue Bell
8%
86 Carpenters Arms
8%
31 Chequers
8%
68 Dolphin
8%
88 Falcon
8%
44 Globe
8%
71 Grapes
8%
48 Masons Arms
8%
69 Robin Hood
8%
41 Three Horseshoes
8%
73 Travellers Rest
8%
49 Village
8%
53 Windmill
8%
72 Beehive
7%
85 Blacksmiths Arms
7%
77 Butchers Arms
7%
74 Griffin
7%
58 Half Moon
7%
81 Horse and Groom
7%
91 Horseshoe
7%
70 Park
7%
76 Three Tuns
7%
63 Waggon and Horses
7%
64 Albion
6%
84 Barley Mow
6%
50 Bay Horse
6%
100 Halfway House
6%
65 Horse and Jockey
6%
99 Market
6%
90 Woolpack
6%
55 Britannia
5%
47 Commercial
5%
75 Fountain
5%
94 Talbot
5%
80 Vine
5%
92 Bird in Hand
4%
97 Foresters Arms
4%
93 Shoulder of Mutton
4%
82 Sportsman
4%
No matching quizzes found
Score Distribution
Percent of People with Each Score
Percentile by Number Answered
Your Score History
You have not taken this quiz